Lord and Ladies of Major Houses in "A Song of Ice and Fire" - Statistics

General Stats
  • This quiz has been taken 64 times
    56 since last reset
  • The average score is 45 of 62
Answer Stats
House Head % Correct
House Baratheon of King's Landing King Robert I Baratheon
100%
House Baratheon of King's Landing King Joffrey I Baratheon
95%
House Baratheon of Storm's End King Renly I Baratheon
95%
House Stark of Winterfell King Robb I Stark
95%
House Baratheon of Dragonstone King Stannis I Baratheon
95%
House Baratheon of King's Landing King Tommen I Baratheon
95%
House Stark of Winterfell Lord Eddard Stark
95%
House Lannister of Casterly Rock Lord Tywin Lannister
95%
House Stark of Winterfell King Brandon X Stark
93%
House Mormont of Bear Island Lord Jeor Mormont
90%
House Arryn of the Eyrie Lord Jon Arryn
90%
House Mormont of Bear Island Lord Jorah Mormont
90%
House Tyrell of Highgarden Lord Mace Tyrell
90%
House Baelish of Harrenhal Lord Petyr Baelish
90%
House Arryn of the Eyrie Lord Robert Arryn
90%
House Bolton of the Dreadfort Lord Roose Bolton
90%
House Greyjoy of Pyke King Balon I Greyjoy
88%
House Greyjoy of Pyke King Euron I Greyjoy
88%
House Connington of Griffin's Roost Lord Jon Connington
88%
House Umber of the Last Hearth Lord Jon Umber
88%
House Bolton of Winterfell Lord Ramsay Bolton
88%
House Frey of the Crossing Lord Walder Frey
88%
House Lannister of Casterly Rock Lady Cersei Lannister
86%
House Tully of Riverrun Lord Edmure Tully
86%
House Tully of Riverrun Lord Hoster Tully
86%
House Slynt of Harrenhal Lord Janos Slynt
86%
House Tarly of Horn Hill Lord Randyll Tarly
86%
House Nymeros Martell of Sunspear Prince Doran Nymeros Martell
86%
House Dondarrion of Blackhaven Lord Beric Dondarrion
83%
Lord Commander of the Night's Watch Lord Commander Jeor Mormont
83%
Lord Commander of the Night's Watch Lord Commander Jon Snow
83%
House Seaworth of the Rainwood Lord Davos Seaworth
83%
Lord Commander of the Kingsguard Lord Commander Barristan Selmy
81%
House Targaryen of King's Landing King Viserys III Targaryen
79%
House Reed of Greywater Watch Lord Howland Reed
79%
House Mormont of Bear Island Lady Maege Mormont
76%
Lord Commander of the Kingsguard Lord Commander Jaime Lannister
76%
House Karstark of Karhold Lord Rickard Karstark
76%
House Manderly of White Harbor Lord Wyman Manderly
76%
House Targaryen of King's Landing Queen Daenerys I Targaryen
76%
House Lannister of Darry Lord Lancel Lannister
74%
House Tyrell of Brightwater Keep Lord Garlan Tyrell
69%
House Royce of Runestone Lord Yohn Royce
67%
House Targaryen of King's Landing King Aegon VI Targaryen
64%
House Redwyne of the Arbor Lord Paxter Redwyne
64%
House Targaryen of King's Landing King Aerys I Targaryen
57%
House Florent of Brightwater Keep Lord Alester Florent
57%
House Dayne of Starfall Lord Edric Dayne
55%
House Rosby of Rosby Lord Gyles Rosby
55%
House Bracken of Stone Hedge Lord Jonos Bracken
52%
House Tarth of Evenfall Hall Lord Selwyn Tarth
52%
House Frey of Riverrun Lord Emmon Frey
50%
House Hightower of the Hightower Lord Leyton Hightower
50%
House Rowan of Goldengrove Lord Mathis Rowan
50%
House Harlaw of Harlaw Lord Rodrik Harlaw
50%
House Blackwood of Raventree Hall Lord Tytos Blackwood
45%
House Vance of Wayfarer's Watch Lord Karyl Vance
33%
House Darry of Darry Lord Raymun Darry
29%
House Karstark of Karhold Lord Harrion Karstark
24%
House Piper of Pinkmaiden Lord Clement Piper
19%
House Darry of Darry Lord Lyman Darry
19%
House Vance of Atranta Lord Norbert Vance
14%
No matching quizzes found
Score Distribution
Percent of People with Each Score
Percentile by Number Answered
Your Score History
You have not taken this quiz since the last reset